[Event "Volodarskij Spring-A"]
[Site "Volodarskij"]
[Date "2007.07.08"]
[Round "15"]
[White "Kravchenja, Anastasija"]
[Black "Malinichev, Konstantin"]
[Result "0-1"]
[WhiteElo "2042"]
[BlackElo "2290"]
[PlyCount "110"]
[EventDate "2007.06.27"]
[EventType "tourn"]
[EventRounds "15"]
[EventCountry "RUS"]
[EventCategory "3"]
[SourceTitle "CBM 119 Extra"]
[Source "ChessBase"]
[SourceDate "2007.09.04"]
[SourceVersion "1"]
[SourceVersionDate "2007.09.04"]
[SourceQuality "1"]

1. e4 c6 2. d4 d5 3. exd5 cxd5 4. Bd3 g6 5. Bf4 Bg7 6. c3 Nc6 7. Nd2 Nh6 8. Ngf3 0-0 9. 0-0 Kh8 10. Re1 f6 11. Nf1 Nf7 12. Bc2 e5 13. dxe5 fxe5 14. Bg3 d4 15. N3d2 Bf5 16. Ne4 Qb6 17. Bb3 Rad8 18. Bh4 dxc3 19. Bxd8 Rxd8 20. Qc2 cxb2 21. Rad1 Rxd1 22. Qxd1 Qd4 23. Nfd2 Nd6 24. Bc2 Bh6 25. Nxd6 Qxd6 26. Ne4 Qxd1 27. Rxd1 Nb4 28. Bb1 Nxa2 29. Bxa2 Bxe4 30. f3 Bc2 31. Rd8+ Kg7 32. Rd7+ Kf8 33. Kf2 b5 34. Rb7 a6 35. Rb6 b1Q 36. Bxb1 Bxb1 37. Rxa6 b4 38. Rb6 Bd2 39. Ke2 Bc3 40. Kd1 Bd3 41. h4 Ke7 42. Rb7+ Kd6 43. g4 Kc6 44. Rb8 Kc7 45. Ra8 b3 46. Ra3 Bc4 47. Ra4 Bd5 48. Kc1 Kb6 49. h5 Kb5 50. Ra3 gxh5 51. gxh5 Kb4 52. Ra6 Bxf3 53. Rb6+ Ka4 54. h6 b2+ 55. Kc2 Be4+ 0-1

[Event "Volodarskij Spring-A"]
[Site "Volodarskij"]
[Date "2007.07.05"]
[Round "13"]
[White "Kravchenja, Anastasija"]
[Black "Klyashtorny, Vladislav"]
[Result "0-1"]
[WhiteElo "2042"]
[BlackElo "2364"]
[PlyCount "66"]
[EventDate "2007.06.27"]
[EventType "tourn"]
[EventRounds "15"]
[EventCountry "RUS"]
[EventCategory "3"]
[SourceTitle "CBM 119 Extra"]
[Source "ChessBase"]
[SourceDate "2007.09.04"]
[SourceVersion "1"]
[SourceVersionDate "2007.09.04"]
[SourceQuality "1"]

1. e4 c5 2. Nf3 g6 3. d4 Bg7 4. Nc3 cxd4 5. Nxd4 Nc6 6. Be3 Nf6 7. Be2 0-0 8. Qd2 d5 9. exd5 Nb4 10. 0-0 Nbxd5 11. Nxd5 Qxd5 12. Bf3 Qd6 13. Rad1 Bg4 14. Qe2 Bxf3 15. Nxf3 Qe6 16. Qb5 a6 17. Qa5 Qc4 18. c3 b5 19. Rd4 Qc8 20. h3 e6 21. Rd2 Ne4 22. Rd3 Nc5 23. Bxc5 Qxc5 24. Rfd1 e5 25. Rd5 Qe7 26. Rd7 Qe8 27. Qc7 Qc8 28. Qd6 Qc4 29. Nxe5 Qxa2 30. Rd2 Rae8 31. Re7 Qb1+ 32. Kh2 Rxe7 33. Qxe7 Qe4 0-1

[Event "Volodarskij Spring-A"]
[Site "Volodarskij"]
[Date "2007.07.04"]
[Round "11"]
[White "Kravchenja, Anastasija"]
[Black "Shpagin, Vlas"]
[Result "1/2-1/2"]
[WhiteElo "2042"]
[BlackElo "2123"]
[PlyCount "21"]
[EventDate "2007.06.27"]
[EventType "tourn"]
[EventRounds "15"]
[EventCountry "RUS"]
[EventCategory "3"]
[SourceTitle "CBM 119 Extra"]
[Source "ChessBase"]
[SourceDate "2007.09.04"]
[SourceVersion "1"]
[SourceVersionDate "2007.09.04"]
[SourceQuality "1"]

1. e4 Nf6 2. e5 Nd5 3. d4 d6 4. Nf3 dxe5 5. Nxe5 Nd7 6. Nxf7 Kxf7 7. Qh5+ Ke6 8. Qg4+ Kf7 9. Qh5+ Ke6 10. Qe2+ Kf7 11. Qh5+ 1/2-1/2

[Event "Volodarskij Spring-A"]
[Site "Volodarskij"]
[Date "2007.07.02"]
[Round "8"]
[White "Kravchenja, Anastasija"]
[Black "Sviridonov, Sergei"]
[Result "1/2-1/2"]
[WhiteElo "2042"]
[BlackElo "2358"]
[PlyCount "63"]
[EventDate "2007.06.27"]
[EventType "tourn"]
[EventRounds "15"]
[EventCountry "RUS"]
[EventCategory "3"]
[SourceTitle "CBM 119 Extra"]
[Source "ChessBase"]
[SourceDate "2007.09.04"]
[SourceVersion "1"]
[SourceVersionDate "2007.09.04"]
[SourceQuality "1"]

1. e4 e5 2. Nf3 Nc6 3. d4 exd4 4. Nxd4 Nf6 5. Nxc6 bxc6 6. e5 Qe7 7. Qe2 Nd5 8. c4 Ba6 9. b3 0-0-0 10. Bb2 Re8 11. g3 g5 12. Bg2 Bg7 13. 0-0 Bxe5 14. Bxe5 Qxe5 15. Qxe5 Rxe5 16. cxd5 Bxf1 17. Kxf1 cxd5 18. Nc3 c6 19. Rc1 Kb7 20. Na4 d6 21. b4 a6 22. Nc3 Rhe8 23. Bf3 f5 24. h3 h6 25. a4 Kb6 26. Rd1 a5 27. b5 d4 28. Rxd4 Re1+ 29. Kg2 Kc5 30. Rd2 Kc4 31. Nd1 cxb5 32. Bc6 1/2-1/2

[Event "Volodarskij Spring-A"]
[Site "Volodarskij"]
[Date "2007.06.29"]
[Round "3"]
[White "Nikolenko, Sergei"]
[Black "Kravchenja, Anastasija"]
[Result "1-0"]
[WhiteElo "2349"]
[BlackElo "2042"]
[PlyCount "95"]
[EventDate "2007.06.27"]
[EventType "tourn"]
[EventRounds "15"]
[EventCountry "RUS"]
[EventCategory "3"]
[SourceTitle "CBM 119 Extra"]
[Source "ChessBase"]
[SourceDate "2007.09.04"]
[SourceVersion "1"]
[SourceVersionDate "2007.09.04"]
[SourceQuality "1"]

1. e4 e5 2. Nf3 Nc6 3. Bb5 a6 4. Ba4 Nf6 5. 0-0 Be7 6. Re1 b5 7. Bb3 d6 8. c3 0-0 9. h3 Bb7 10. d4 Re8 11. Nbd2 Bf8 12. a4 h6 13. Bc2 exd4 14. cxd4 Nb4 15. Bb1 c5 16. d5 Nd7 17. Ra3 f5 18. Rae3 Nf6 19. Nh2 Qd7 20. exf5 Rxe3 21. fxe3 Bxd5 22. Ng4 Be7 23. e4 Bf7 24. e5 dxe5 25. Nxe5 Qd4+ 26. Kh1 Bh5 27. g4 Be8 28. Qe2 Qd6 29. Ng6 Bxg6 30. fxg6 Qc6+ 31. Ne4 Re8 32. g5 hxg5 33. axb5 axb5 34. Bxg5 c4 35. Qf3 Kh8 36. Kg2 Qd5 37. h4 Rf8 38. Rd1 Nd3 39. Bxd3 cxd3 40. Bxf6 gxf6 41. Rxd3 Qe5 42. Ng3 Kg8 43. Re3 Qc5 44. Nf5 Bd6 45. Re6 Qc2+ 46. Re2 Qc5 47. b4 Qc4 48. Nxd6 1-0

[Event "Volodarskij Spring-A"]
[Site "Volodarskij"]
[Date "2007.06.27"]
[Round "1"]
[White "Arakeljan, Alexandr"]
[Black "Kravchenja, Anastasija"]
[Result "1-0"]
[WhiteElo "2338"]
[BlackElo "2042"]
[PlyCount "55"]
[EventDate "2007.06.27"]
[EventType "tourn"]
[EventRounds "15"]
[EventCountry "RUS"]
[EventCategory "3"]
[SourceTitle "CBM 119 Extra"]
[Source "ChessBase"]
[SourceDate "2007.09.04"]
[SourceVersion "1"]
[SourceVersionDate "2007.09.04"]
[SourceQuality "1"]

1. e4 c5 2. Nf3 Nc6 3. d4 cxd4 4. Nxd4 g6 5. c4 Bg7 6. Be3 Nf6 7. Nc3 Ng4 8. Qxg4 Nxd4 9. Qd1 Ne6 10. Bd3 Qa5 11. Rc1 Bxc3+ 12. Rxc3 Qxa2 13. 0-0 Qxb2 14. Rb3 Qe5 15. Rb5 Qc7 16. c5 0-0 17. Qa1 d6 18. cxd6 Qxd6 19. Rd5 Qb8 20. Bh6 Re8 21. Bb5 Rf8 22. Rfd1 f6 23. Bxf8 Nxf8 24. Rd8 Qc7 25. Re8 Kf7 26. Rc1 Qe5 27. Qxe5 fxe5 28. Rcxc8 1-0

[Event "Serpukhov-D"]
[Site "Serpukhov"]
[Date "2004.08.30"]
[Round "6"]
[White "Kravchenja, Anastasija"]
[Black "Samsonkin, Artiom"]
[Result "0-1"]
[WhiteElo "2124"]
[BlackElo "2201"]
[PlyCount "80"]
[EventDate "2004.08.26"]
[EventType "tourn"]
[EventRounds "13"]
[EventCountry "RUS"]
[SourceTitle "EXT 2006"]
[Source "ChessBase"]
[SourceDate "2005.11.24"]
[SourceVersion "1"]
[SourceVersionDate "2005.11.24"]
[SourceQuality "1"]

1. e4 c5 2. Nc3 e6 3. d3 d5 4. g3 Nf6 5. Bg2 Nc6 6. Nh3 dxe4 7. Nxe4 Nxe4 8. Bxe4 e5 9. Bg2 Be6 10. Ng5 Bd5 11. 0-0 Bxg2 12. Kxg2 Be7 13. Qh5 g6 14. Qh6 Bf8 15. Qh4 h6 16. Nf3 Qxh4 17. gxh4 0-0-0 18. Bd2 Bg7 19. Bc3 f6 20. a4 Bf8 21. Kh3 Bd6 22. Rg1 Rhg8 23. Bd2 Bf8 24. Bc3 Ne7 25. Rae1 Nd5 26. Bd2 Nc7 27. h5 g5 28. Nh4 c4 29. Rg3 cxd3 30. cxd3 Bc5 31. Nf5 Bxf2 32. Ne7+ Kd7 33. Nxg8 Rxg8 34. Rf1 Bxg3 35. hxg3 Ke6 36. g4 Rd8 37. Rf3 e4 38. Re3 Rxd3 39. Rxd3 exd3 40. Kg3 f5 0-1

[Event "Serpukhov-D"]
[Site "Serpukhov"]
[Date "2004.08.28"]
[Round "3"]
[White "Vorontsov, Nikolay"]
[Black "Kravchenja, Anastasija"]
[Result "1-0"]
[WhiteElo "2366"]
[BlackElo "2124"]
[PlyCount "85"]
[EventDate "2004.08.26"]
[EventType "tourn"]
[EventRounds "13"]
[EventCountry "RUS"]
[SourceTitle "EXT 2006"]
[Source "ChessBase"]
[SourceDate "2005.11.24"]
[SourceVersion "1"]
[SourceVersionDate "2005.11.24"]
[SourceQuality "1"]

1. Nf3 Nf6 2. g3 g6 3. Bg2 Bg7 4. 0-0 0-0 5. c4 c5 6. Nc3 Nc6 7. d4 cxd4 8. Nxd4 Nxd4 9. Qxd4 d6 10. Qd3 Nd7 11. b3 Ne5 12. Qd2 Nc6 13. Bb2 Qa5 14. Rfd1 Bf5 15. Rac1 Rac8 16. h3 h5 17. a3 Nd4 18. Nd5 Qxd2 19. Nxe7+ Kh7 20. Rxd2 Nxb3 21. Nxc8 Rxc8 22. Rcd1 Nxd2 23. Rxd2 Rxc4 24. Bxg7 Kxg7 25. Bxb7 Ra4 26. Kg2 Rxa3 27. Rxd6 Be6 28. Bd5 Bxd5+ 29. Rxd5 Kf6 30. g4 Ke6 31. Rb5 hxg4 32. hxg4 a5 33. e3 Ra1 34. Kf3 a4 35. Ra5 a3 36. Kf4 a2 37. Kg5 f6+ 38. Kxg6 Rg1 39. Ra6+ Ke5 40. Rxa2 Rxg4+ 41. Kf7 f5 42. f3 Rg3 43. Ra5+ 1-0

[Event "Serpukhov-D"]
[Site "Serpukhov"]
[Date "2004.08.27"]
[Round "2"]
[White "Kravchenja, Anastasija"]
[Black "Fatianova, Tatiana"]
[Result "1-0"]
[WhiteElo "2124"]
[BlackElo "2278"]
[PlyCount "102"]
[EventDate "2004.08.26"]
[EventType "tourn"]
[EventRounds "13"]
[EventCountry "RUS"]
[SourceTitle "EXT 2006"]
[Source "ChessBase"]
[SourceDate "2005.11.24"]
[SourceVersion "1"]
[SourceVersionDate "2005.11.24"]
[SourceQuality "1"]

1. e4 e5 2. Nf3 d6 3. d4 Nd7 4. Nc3 c6 5. Bc4 Be7 6. 0-0 Ngf6 7. Bb3 0-0 8. a4 b6 9. Re1 a6 10. Nb1 Bb7 11. c3 Qc7 12. Nbd2 h6 13. Nf1 Rfe8 14. Ng3 Bf8 15. Qc2 c5 16. dxe5 Nxe5 17. Nxe5 dxe5 18. Qe2 Red8 19. f3 Ne8 20. Nf5 Kh7 21. Ne3 Nf6 22. c4 Rd6 23. Nd5 Bxd5 24. exd5 g6 25. Bd2 Re8 26. Bc3 Nd7 27. Bc2 Bg7 28. g4 Qd8 29. Be4 Bf6 30. a5 Bh4 31. Red1 Bg5 32. axb6 Qxb6 33. Ra3 Bf4 34. Rda1 Qb7 35. Qc2 Qc8 36. Ba5 Nf6 37. b4 Nxe4 38. fxe4 Qxg4+ 39. Kh1 Qc8 40. Rb3 Rd7 41. bxc5 Qxc5 42. Bb6 Qc8 43. c5 Bg5 44. c6 Rd6 45. Qe2 f5 46. Bc5 Rf6 47. Rb7+ Kg8 48. Qxa6 Rf7 49. Qa7 Rxb7 50. Qxb7 fxe4 51. Ra7 Be7 1-0

[Event "Bykova Memorial (Women)"]
[Site "Vladimir"]
[Date "2003.12.??"]
[Round "3"]
[White "Kravchenja, Anastasija"]
[Black "Pogonina, Natalija"]
[Result "0-1"]
[WhiteElo "2124"]
[BlackElo "2342"]
[PlyCount "54"]
[EventDate "2003.12.12"]
[EventType "tourn"]
[EventRounds "11"]
[EventCountry "RUS"]
[SourceTitle "EXT 2005"]
[Source "ChessBase"]
[SourceDate "2004.11.15"]
[SourceVersion "1"]
[SourceVersionDate "2004.11.15"]
[SourceQuality "1"]

1. e4 c5 2. Nf3 d6 3. d4 cxd4 4. Qxd4 Nc6 5. Bb5 Bd7 6. Bxc6 Bxc6 7. Nc3 Nf6 8. Bg5 e6 9. 0-0-0 Be7 10. Rhe1 0-0 11. Kb1 Re8 12. Qd2 h6 13. Bf4 d5 14. e5 Ne4 15. Nxe4 dxe4 16. Nd4 Bd5 17. h4 Qb6 18. Bxh6 gxh6 19. Qxh6 Bf8 20. Qg5+ Bg7 21. h5 Qd8 22. Qg3 Kh7 23. c4 Bxc4 24. Rxe4 Bxa2+ 25. Kc2 Rc8+ 26. Kd3 Bc4+ 27. Ke3 Bh6+ 0-1

[Event "Bykova Memorial (Women)"]
[Site "Vladimir"]
[Date "2003.12.??"]
[Round "2"]
[White "Sudakova, Irina"]
[Black "Kravchenja, Anastasija"]
[Result "1-0"]
[WhiteElo "2263"]
[BlackElo "2140"]
[PlyCount "121"]
[EventDate "2003.12.12"]
[EventType "tourn"]
[EventRounds "11"]
[EventCountry "RUS"]
[SourceTitle "EXT 2005"]
[Source "ChessBase"]
[SourceDate "2004.11.15"]
[SourceVersion "1"]
[SourceVersionDate "2004.11.15"]
[SourceQuality "1"]

1. e4 e5 2. Nf3 Nc6 3. Nc3 Nf6 4. g3 d6 5. Bg2 Bg4 6. h3 Be6 7. d4 Bc4 8. Be3 Be7 9. Qd2 0-0 10. 0-0-0 a5 11. dxe5 dxe5 12. Qxd8 Raxd8 13. Nd2 Be6 14. f4 Bb4 15. f5 Bxc3 16. bxc3 Bc8 17. g4 b6 18. Bf3 Ba6 19. g5 Ne8 20. Rdg1 Nd6 21. f6 a4 22. fxg7 Kxg7 23. Bg4 Nc4 24. Nf1 Rd6 25. Bf2 Rfd8 26. Ng3 Ne7 27. Nh5+ Kh8 28. Nf6 Ng6 29. Rd1 Nf4 30. h4 Rxd1+ 31. Rxd1 Nd6 32. Rd2 Bc4 33. a3 Be6 34. Bg3 Bxg4 35. Nxg4 Re8 36. Bxf4 exf4 37. e5 Nc4 38. Rd4 Nxa3 39. Rxa4 Nb5 40. Rxf4 Kg7 41. Kb2 Na7 42. Rf6 Re6 43. h5 Nc6 44. Rxe6 fxe6 45. Kb3 Nd8 46. Nh2 Nf7 47. Nf3 Kf8 48. Kb4 Ke7 49. Kb5 Kd7 50. g6 hxg6 51. hxg6 Nh6 52. g7 Ng8 53. Ng5 Ne7 54. Ne4 Ke8 55. Nf6+ Kf7 56. g8Q+ Nxg8 57. Nxg8 Kxg8 58. Kc6 Kf7 59. Kxc7 Kg6 60. Kd6 Kf5 61. c4 1-0